000 00640nam a2200277Ia 4500
005 20250425161814.0
008 250425s9999 xx 000 0 und d
020 _a8448124456
041 _aspa
043 _asp
082 _a004.6
100 _aPOLONSKY, W. BRETT
245 0 _aEL LIBRO OFICIAL DE MICROSOFT FRONTPAGE 2000
250 _aS.E.
260 _aEspaƱa
_bMCGRAWILL
_c1999
260 _aMADRID
300 _a338
650 _aFRONTPAGE
650 _aHTML
650 _aINTERNET
650 _aMICROSOFT
700 _aVUELAPLUMA, S.L
_etraductor
710 _aMC GRAW- HILL
942 _c01
010 _a30371
999 _c216466
_d216466